Macroprudential Tightening and Multiple-Property Ownership: New Evidence from European Wealth Microdata
Enregistré dans:
| Auteur principal: | |
|---|---|
| Autres auteurs: | , |
| Format: | Chapitre de livre |
| Langue: | anglais |
| Sujets: | |
| Tags: |
Pas de tags, Soyez le premier à ajouter un tag!
|
MARC
| LEADER | 00000naa$a2200000$$$4500 | ||
|---|---|---|---|
| 001 | 0315398 | ||
| 005 | 20260317083245.6 | ||
| 041 | 0 | |a eng | |
| 044 | |a SK | ||
| 245 | 1 | 0 | |a Macroprudential Tightening and Multiple-Property Ownership: New Evidence from European Wealth Microdata |c Mária Širaňová, Andrej Cupak, Ján Klacso |
| 500 | |a Abstrakt | ||
| 610 | 2 | 0 | |a nehnuteľnosti |
| 610 | 2 | 0 | |a bohatstvo |
| 610 | 2 | 0 | |a vlastníci |
| 610 | 2 | 0 | |a investície |
| 610 | 2 | 0 | |a domácnosti |
| 610 | 2 | 0 | |a dlžníci |
| 100 | 1 | |a Širaňová, Mária | |
| 700 | 1 | |a Cupak, Andrej, 1988- | |
| 700 | 1 | |a Klacso, Ján | |